[Event "HUN-chT2 Breyer 0910"]
[Site "Hungary"]
[Date "2009.12.06"]
[Round "3"]
[White "Ferencz, Istvan"]
[Black "Bokros, Norbert"]
[Result "0-1"]
[WhiteElo "2072"]
[BlackElo "1938"]
[PlyCount "58"]
[EventDate "2009.11.08"]
[EventType "team-tourn"]
[EventRounds "11"]
[EventCountry "HUN"]
[SourceTitle "EXT 2011"]
[Source "ChessBase"]
[SourceDate "2010.11.26"]
[SourceVersion "1"]
[SourceVersionDate "2010.11.26"]
[SourceQuality "1"]
[WhiteTeam "Zoltek"]
[BlackTeam "Turul"]
[WhiteTeamCountry "HUN"]
[BlackTeamCountry "HUN"]

1. e4 c5 2. g3 d5 3. e5 Nc6 4. f4 h5 5. h3 Bf5 6. d3 f6 7. exf6 gxf6 8. Nf3 Qd7 9. Nh4 0-0-0 10. Bg2 e5 11. Nc3 Nge7 12. Nxf5 Qxf5 13. 0-0 Qg6 14. Ne2 Nf5 15. fxe5 fxe5 16. Rf3 e4 17. Rf2 e3 18. Rxf5 Qxf5 19. Bxe3 Re8 20. Bf4 Bg7 21. Nc3 Bd4+ 22. Kh2 h4 23. Nxd5 hxg3+ 24. Bxg3 Ne5 25. Qf1 Ng4+ 26. Kh1 Nf2+ 27. Kh2 Be5 28. Nf4 Ng4+ 29. Kg1 Ne3 0-1

[Event "HUN-chT2 Breyer 0910"]
[Site "Hungary"]
[Date "2009.11.22"]
[Round "2"]
[White "Bodrogi, Mihaly"]
[Black "Ferencz, Istvan"]
[Result "0-1"]
[WhiteElo "2192"]
[BlackElo "2072"]
[PlyCount "89"]
[EventDate "2009.11.08"]
[EventType "team-tourn"]
[EventRounds "11"]
[EventCountry "HUN"]
[SourceTitle "EXT 2011"]
[Source "ChessBase"]
[SourceDate "2010.11.26"]
[SourceVersion "1"]
[SourceVersionDate "2010.11.26"]
[SourceQuality "1"]
[WhiteTeam "BEAC II"]
[BlackTeam "Zoltek"]
[WhiteTeamCountry "HUN"]
[BlackTeamCountry "HUN"]

1. e4 c6 2. d4 d5 3. Nc3 dxe4 4. Nxe4 Bf5 5. Ng3 Bg6 6. Nf3 Nd7 7. Bd3 e6 8. 0-0 Ngf6 9. Re1 Be7 10. Ne5 0-0 11. Nxg6 hxg6 12. h4 Bd6 13. Nf1 c5 14. dxc5 Nxc5 15. Bc4 Qc7 16. Ne3 Rfd8 17. Qe2 Rac8 18. Bb3 Nce4 19. Ng4 Nxg4 20. Qxe4 Bh2+ 21. Kf1 Nxf2 22. Kxf2 Bg3+ 23. Kg1 Bxe1 24. Qxe1 Qc5+ 25. Be3 Qe5 26. c3 b6 27. Bg5 Qc5+ 28. Qe3 Rd3 29. Qxc5 Rxc5 30. Bc2 Rd7 31. Be3 Rcd5 32. Kf2 Rd2+ 33. Bxd2 Rxd2+ 34. Kf3 Rxc2 35. Rb1 Kf8 36. g3 Ke7 37. a4 a5 38. Kf4 f6 39. Ke4 Kd6 40. Rd1+ Kc7 41. Rb1 Kc6 42. Ke3 e5 43. Ke4 Kd6 44. b4 Rxc3 45. bxa5 0-1

[Event "HUN-chT2 Toth 0708"]
[Site "Hungary"]
[Date "2007.12.16"]
[Round "5"]
[White "Ferencz, Istvan"]
[Black "Kozak, Otto"]
[Result "1/2-1/2"]
[WhiteElo "2072"]
[BlackElo "1774"]
[PlyCount "45"]
[EventDate "2007.10.14"]
[EventType "team-tourn"]
[EventRounds "11"]
[EventCountry "HUN"]
[SourceTitle "EXT 2009"]
[Source "ChessBase"]
[SourceDate "2008.11.26"]
[SourceVersion "1"]
[SourceVersionDate "2008.11.26"]
[SourceQuality "1"]
[WhiteTeam "Vasarhelyi"]
[BlackTeam "Karcag"]
[WhiteTeamCountry "HUN"]
[BlackTeamCountry "HUN"]

1. d4 Nf6 2. Nf3 d5 3. Bg5 e6 4. Nbd2 Be7 5. e3 Nbd7 6. c3 b6 7. Bb5 a6 8. Bc6 Rb8 9. Ne5 0-0 10. Bxd7 Bxd7 11. 0-0 Ne8 12. Bxe7 Qxe7 13. a4 f6 14. Nxd7 Qxd7 15. e4 dxe4 16. Nxe4 Nd6 17. Ng3 Rbe8 18. Qb3 Qc6 19. Rfe1 Qd5 20. Qc2 e5 21. dxe5 Rxe5 22. Rxe5 Qxe5 23. Qe2 1/2-1/2

[Event "HUN-chT2 Toth 0708"]
[Site "Hungary"]
[Date "2007.10.14"]
[Round "1"]
[White "Toros, Laszlo"]
[Black "Ferencz, Istvan"]
[Result "0-1"]
[WhiteElo "1629"]
[BlackElo "2072"]
[PlyCount "72"]
[EventDate "2007.10.14"]
[EventType "team-tourn"]
[EventRounds "11"]
[EventCountry "HUN"]
[SourceTitle "EXT 2009"]
[Source "ChessBase"]
[SourceDate "2008.11.26"]
[SourceVersion "1"]
[SourceVersionDate "2008.11.26"]
[SourceQuality "1"]
[WhiteTeam "Nadudvar"]
[BlackTeam "Vasarhelyi"]
[WhiteTeamCountry "HUN"]
[BlackTeamCountry "HUN"]

1. d4 f5 2. Nf3 Nf6 3. Bf4 d6 4. c4 g6 5. h3 Bg7 6. e3 0-0 7. Be2 c6 8. 0-0 Nh5 9. Bh2 a5 10. Nc3 Na6 11. Rc1 Nc7 12. a4 Nf6 13. Bd3 Re8 14. Re1 Nd7 15. e4 fxe4 16. Bxe4 Nf6 17. Bc2 Bd7 18. b3 Rf8 19. Re2 Nh5 20. Qe1 Ne6 21. d5 Bxc3 22. Qxc3 Nef4 23. Bxf4 Nxf4 24. Rd2 cxd5 25. cxd5 Rc8 26. Qe3 Rc5 27. Ng5 e5 28. Ne4 Rxd5 29. Rcd1 Rxd2 30. Rxd2 d5 31. Nc5 Qg5 32. g3 d4 33. Qe1 Nxh3+ 34. Kh2 Bg4 35. Ne4 Qh5 36. Bd1 Nxf2+ 0-1

[Event "HUN-chT2 Toth 0607"]
[Site "Hungary"]
[Date "2007.03.04"]
[Round "6"]
[White "Ferencz, Istvan"]
[Black "Gomori, Mihaly"]
[Result "1/2-1/2"]
[WhiteElo "1879"]
[BlackElo "2108"]
[PlyCount "68"]
[EventDate "2006.11.12"]
[EventType "team-tourn"]
[EventRounds "11"]
[EventCountry "HUN"]
[SourceTitle "EXT 2025"]
[Source "ChessBase"]
[SourceDate "2024.10.14"]
[SourceVersion "1"]
[SourceVersionDate "2024.10.14"]
[SourceQuality "1"]
[WhiteTeam "Vasarhelyi"]
[BlackTeam "Kecskemet Takisz"]
[WhiteTeamCountry "HUN"]
[BlackTeamCountry "HUN"]

1. d4 d5 2. Nf3 Nf6 3. Bg5 g6 4. e3 Bg7 5. Nbd2 0-0 6. c3 Nbd7 7. Be2 c5 8. 0-0 b6 9. Re1 Bb7 10. Bb5 a6 11. Bxd7 Nxd7 12. e4 dxe4 13. Nxe4 f6 14. Bh4 cxd4 15. Nxd4 Bd5 16. Nf3 e6 17. Rc1 b5 18. b3 Nb6 19. Nc5 Qe7 20. Nxe6 Bxe6 21. Nd4 Rad8 22. Qe2 Rfe8 23. Qxe6+ Qxe6 24. Nxe6 Rd2 25. Nxg7 Rxe1+ 26. Rxe1 Kxg7 27. f3 g5 28. Bf2 Nd5 29. c4 bxc4 30. bxc4 Nf4 31. Kf1 Rxa2 32. g3 Nd3 33. Re2 Ra1+ 34. Kg2 Rc1 1/2-1/2

[Event "Eger Agria op"]
[Site "Eger"]
[Date "1999.??.??"]
[Round "?"]
[White "Ferencz, Istvan"]
[Black "Varadi, Viktor"]
[Result "1/2-1/2"]
[WhiteElo "2090"]
[BlackElo "2230"]
[PlyCount "83"]
[EventDate "1999.07.??"]
[EventType "swiss"]
[EventRounds "9"]
[EventCountry "HUN"]
[SourceTitle "EXT 2000"]
[Source "ChessBase"]
[SourceDate "1999.11.16"]
[SourceVersion "1"]
[SourceVersionDate "1999.11.16"]
[SourceQuality "1"]

1. d4 Nf6 2. Nf3 g6 3. e3 d5 4. Bd3 c5 5. c3 c4 6. Bc2 Nc6 7. Nbd2 Bf5 8. b4 a6 9. a4 b5 10. a5 Bg7 11. Nf1 Ne4 12. Bb2 Qd6 13. N3d2 Nxd2 14. Qxd2 Bxc2 15. Qxc2 e5 16. Ng3 0-0 17. 0-0 exd4 18. exd4 Rfe8 19. Rae1 Re6 20. Re2 Rae8 21. Rfe1 Rxe2 22. Rxe2 Re6 23. Qd2 Qe7 24. Qe1 Bxd4 25. cxd4 Nxb4 26. Rxe6 fxe6 27. Ne2 Nd3 28. Qd2 Qb4 29. Bc1 Qxd2 30. Bxd2 b4 31. Kf1 c3 32. Bxc3 bxc3 33. Nxc3 Nb4 34. Na4 Nc6 35. Nc5 Nxd4 36. Nxa6 Nc6 37. Nc5 Kf7 38. a6 Ke7 39. f4 Kd6 40. Nb7+ Kc7 41. Nc5 Kd6 42. Nb7+ 1/2-1/2